000 00770nab a2200241 u 4500
001 07893
003 HDC
007 cr bn ---aaaaa
008 210129c mydr|nes 0 a may d
040 _aHDC
245 0 _aDolar AS naik: Antara cabaran, peluang bisnes
260 _aKuala Lumpur :
_bUTUSAN MALAYSIA,
_c2015
300 _aB6 page
336 _atext
_2rdacontent
337 _acomputer
_2rdamedia
338 _aonline resource
_2rdacarrier
650 _aBusiness industry
_96119
650 _aMuslim entrepreneur
_91400
856 _zRequest full-text at [email protected]
942 _2lcc
942 _cNEWS
942 _kNWSC 001233
999 _c5216
_d5216